Normal view
MARC view
- Ṣiddīqī, Saḥar.
Entry Personal Name
001 - CONTROL NUMBER
- control field: 29233
003 - CONTROL NUMBER IDENTIFIER
- control field: NUST
005 - DATE AND TIME OF LATEST TRANSACTION
- control field: 20200715150225.0
008 - FIXED-LENGTH DATA ELEMENTS
- fixed length control field: 200715|| aca||aabn | a|a d
040 ## - CATALOGING SOURCE
- Original cataloging agency: NUST
- Transcribing agency: NUST
100 ## - HEADING--PERSONAL NAME
- Personal name: Ṣiddīqī, Saḥar.
670 ## - SOURCE DATA FOUND
- Source citation: Work cat.: (NUST)328959: Ṣiddīqī, Saḥar., G̲h̲ulām Isḥāq K̲h̲ān :, 2008.
